| 000 | 01363cam a22002174a 4500 | ||
|---|---|---|---|
| 005 | 20250605164030.0 | ||
| 008 | 250528s ||||||||||||||||||||||||d | ||
| 035 | _a16618 | ||
| 040 |
_aGR-AtMCL _bgre _dGR-AtMCL _eAACR2 |
||
| 245 | 1 | _aΓεωγραφία της Ευρώπης / Γ' Γυμνασίου | |
| 250 | _a7η | ||
| 260 |
_bΟργανισμός Εκδόσεων Διδακτικών Βιβλίων, _c1991 |
||
| 300 | _a204 | ||
| 505 | 0 | _aΠρόλογος, Γεωφυσική Εξέταση της Ευρώπης, Η Ευρώπη από Οικονομική και Πολιτιστική Σκοπιά, Νότια Ευρώπη, Μέση Ευρώπη, Βόρεια Ευρώπη, Οικονομικοί Οργανισμοί, Παραδοσιακά Σπίτια στισ Χώρες της Ευρώπης. | |
| 520 | _aΠρόλογος, Γεωφυσική Εξέταση της Ευρώπης, Η Ευρώπη από Οικονομική και Πολιτιστική Σκοπιά, Νότια Ευρώπη, Μέση Ευρώπη, Βόρεια Ευρώπη, Οικονομικοί Οργανισμοί, Παραδοσιακά Σπίτια στισ Χώρες της Ευρώπης. | ||
| 700 | 1 |
_aΟρεινού Μαγκλάρη Σ _92702 |
|
| 700 | 1 |
_aΠαπασημακόπουλος Σ. Θ _92703 |
|
| 942 | _cBK | ||
| 999 |
_c2097 _d2097 |
||